Statystyki dla Kształty Państw Na litere R

Kliknij tutaj aby rozwiązać quiz!

Ogólne statystyki

  • Ten quiz został rozwiązany 74 razy
  • Średni wynik to 5 z 6

Statystyki odpowiedzi

Odpowiedź% Poprawnych
Rosja
99%
Republika Południowej Afryki
94%
Rumunia
91%
Rwanda
80%
Republika Środkowoafrykańska
77%
Republika zielonego przylądka
71%

Rozkład punktacji

Percentyl według liczby udzielonych odpowiedzi

Procent ludzi z każdym wynikiem

Twoja historia wyników

Nie rozwiązałeś tego quizu